| 000 | 00664nam a2200253Ia 4500 | ||
|---|---|---|---|
| 003 | OSt | ||
| 005 | 20221005045447.0 | ||
| 006 | a|||||r|||| 00| 0 | ||
| 007 | ta | ||
| 008 | 221004b |||||||| |||| 00| 0 mar d | ||
| 024 | _a40992 | ||
| 037 | _cTextual | ||
| 040 |
_aCRL _cCRL _bmar |
||
| 041 |
_2mar _amar |
||
| 082 | _aO152,3:g, 155L1 | ||
| 100 |
_aJahanvi Sant _9593613 |
||
| 245 | 0 | _aKadambari | |
| 260 |
_aKohlapur _bMohge Prakashan India _c1971 |
||
| 300 |
_a131p. _ccm. |
||
| 650 |
_a HINDI LITERATURE _923866 |
||
| 650 | _aHINDI FICTION | ||
| 942 |
_hO152,3:g, 155L1 _cTEXL _2cc |
||
| 999 |
_c955045 _d955045 |
||